| 000 | 00372nam a2200157Ia 4500 | ||
|---|---|---|---|
| 008 | 230524s9999 xx 000 0 und d | ||
| 082 |
_a4 _bVIN |
||
| 100 | _aK.R.Venugopal | ||
| 245 | 0 | _aProgramming with Pascal and C | |
| 250 | _a1ST | ||
| 260 |
_aNEW DELHI _bS.Chand _c1999 |
||
| 300 | _aXIX;1015 | ||
| 500 | _aQuantity Number: 1 | ||
| 650 | _aComp-Sc | ||
| 942 | _cBK | ||
| 999 |
_c22694 _d22694 |
||